Word Ladder: Angle Analysis Quiz Stats

Quiz Updated Mar 14, 2016

Challenge
Share
Tweet
Embed
Score 0/28 Timer 03:00
0 Plays Today
Hint 4-Letter Word % Correct
Aquatic vehicleBOAT
98.3%
Spoiled childBRAT
97.9%
Ditch around a castleMOAT
97.3%
Swimming locationPOOL
97.2%
Milne character: Winnie-the-____POOH
97.2%
Nocturnal butterfly relativeMOTH
96.1%
BoastBRAG
95.7%
• Science of numbers, quantities, and shapes, for short •• MATH •
95.4%
Silly personFOOL
95.1%
Borscht, bisque, or chowder, e. g.SOUP
94.8%
Illegal action in sportsFOUL
94.6%
Shower necessitySOAP
94.1%
Alternative to checks or credit cardsCASH
93.8%
Small branchTWIG
93.6%
Hint 4-Letter Word % Correct
Ship's prisonBRIG
93%
Luxurious or Spice Girl BeckhamPOSH
92.9%
• Branch of [first rung] regarding 3-sided shapes, for short •• TRIG •
92.6%
Essence of somethingSOUL
91.2%
To trade or replaceSWAP
90.9%
To gulp a drinkSWIG
90.7%
19th century Quaker abolitionist LucretiaMOTT
89%
Pirate lootSWAG
88.7%
To hit powerfullyBASH
87.9%
• The reciprocal of hyperbolic secant [abbr.] •• COSH •
86.7%
Of sound mindSANE
86.1%
• 3-sided figure area: ½ x ____ x height •• BASE •
83.7%
• In a right triangle, opposite over hypotenuse •• SINE •
81.3%
Cause of great distressBANE
78.5%

Today's Daily Dose

Missing Word
Law Misconceptions

Word Ladder
Easy Math

On This Day
January 20th

You're not logged in!

Compare scores with friends on all Sporcle quizzes.
Sign Up with Email
OR
Log In

You Might Also Like...

Show Comments

Extras

Top Quizzes Today


Score Distribution

Your Account Isn't Verified!

In order to create a playlist on Sporcle, you need to verify the email address you used during registration. Go to your Sporcle Settings to finish the process.